000 00915cam a2200277 a 4500
001 1089610
003 OSt
005 20140310182032.0
008 921117s1993 ilu 000 0 eng
010 _a 92042055
020 _a1850781443 :
_c$8.99
040 _aDLC
_cDLC
_dDLC
050 0 0 _aBV 4501.2
_b.B859 1993
082 0 0 _aHS 248.4
_bB77 1973
100 1 _aBriscoe, Stuart D.
_910305
245 1 4 _aThe fruit of the Spirit :
_bcultivating Christian character /
_cStuart Briscoe.
260 _aCarlisle, U.K. :
_bOM Publishing,
_cc1993.
300 _a160 p. :
_c18 cm.
440 0 _aFoundations of the faith
_910306
650 0 _aFruit of the Spirit.
_910307
650 0 _aChristian life.
_91330
906 _a7
_bcbc
_corignew
_d1
_eocip
_f19
_gy-gencatlg
942 _2lcc
_cHS
999 _c8584
_d8584